00430nam a2200145Ia 4500003000400000008004100004040001600045082001600061100001600077245005400093260005100147300001100198650003900209650003600248GCL140319s9999 xx 000 0 eng d aGCL / cGCL04a792.23bS R1 aSTYAN, J.L.10aRESTORATION COMDEY IN PERFORMANCE / cSTYAN, J.L. a[S.N] : bCAMBRIDGE UNIVERSITY PRESS ، c1986 a271 P04aTHEATER - PRODUCTION AND DIRECTION04aENGLISH DRAMA - COMEDY HISTORY